Vista normal Vista MARC

Entrada Geographic Name

Número de registros utilizados en: 1

001 - CONTROL NUMBER

  • control field: 62767

003 - CONTROL NUMBER IDENTIFIER

  • control field: OSt

005 - DATE AND TIME OF LATEST TRANSACTION

  • control field: 20250820214528.0

008 - FIXED-LENGTH DATA ELEMENTS

  • fixed length control field: 250820|| aca||aabn | a|a d

040 ## - CATALOGING SOURCE

  • Original cataloging agency: OSt
  • Transcribing agency: OSt

151 ## - HEADING--GEOGRAPHIC NAME

  • Geographic name: Cazucá, (Soacha, Cundinamarca, Colombia)
  • Form subdivision: tiras cómicas, historietas, etc

670 ## - SOURCE DATA FOUND

  • Source citation: Work cat.: (OSt)58263: Pantoja, Óscar, 1971- aut 51089, Cazucá /









Instituto Departamental de Cultura del Meta - Red Departamental de Bibliotecas Públicas del Meta.